Catálogo público

Captura de carbono aéreo en rodales con manejo y sin manejo forestal, en el Bosque templado de Coatepec, Ixtapaluca,Edo. de México/ (Record no. 220661)

MARC details
000 -CABECERA
campo de control de longitud fija 02913nam a2200325 a 4500
003 - IDENTIFICADOR DEL NÚMERO DE CONTROL
campo de control OSt
005 - FECHA Y HORA DE LA ÚLTIMA TRANSACCIÓN
campo de control 20250807094241.0
007 - CAMPO FIJO DE DESCRIPCIÓN FÍSICA--INFORMACIÓN GENERAL
campo de control de longitud fija cr ||||||a|a|a
008 - DATOS DE LONGITUD FIJA--INFORMACIÓN GENERAL
campo de control de longitud fija 250623s2025 mx a|||fom||| 001 0 spa d
040 ## - FUENTE DE LA CATALOGACIÓN
Normas de descripción rda
100 1# - ENTRADA PRINCIPAL--NOMBRE DE PERSONA
Nombre de persona Duran Ayala, Moises
9 (RLIN) 190497
245 10 - MENCIÓN DE TÍTULO
Título Captura de carbono aéreo en rodales con manejo y sin manejo forestal, en el Bosque templado de Coatepec, Ixtapaluca,Edo. de México/
Mención de responsabilidad, etc. por Moises Duran Ayala; director de tesis Yolanda Franco Islas; secretario María Guadalupe Vargas Cabrera; vocal José A. Gil Vera Castillo; suplente Saúl Castañeda Díaz; suplente Ro Linx Granados Victorino.
264 #1 - PRODUCCIÓN, PUBLICACIÓN, DISTRIBUCIÓN, FABRICACIÓN Y COPYRIGHT
Producción, publicación, distribución, fabricación y copyright Chapingo, México :
Nombre del de productor, editor, distribuidor, fabricante El autor,
Fecha de producción, publicación, distribución, fabricación o copyright 2024.
300 ## - DESCRIPCIÓN FÍSICA
Extensión 1 recurso en línea (80 páginas):
Otras características físicas cuadros, figuras.
336 ## - TIPO DE CONTENIDO
Fuente rdacontent
Término de tipo de contenido texto
Código de tipo de contenido txt
337 ## - TIPO DE MEDIO
Fuente rdamedia
Nombre/término del tipo de medio computadora
Código del tipo de medio c
338 ## - TIPO DE SOPORTE
Fuente rdacarrier
Nombre/término del tipo de soporte recurso en línea
Código del tipo de soporte cr
502 ## - NOTA DE TESIS
Tipo de título Ingeniería Forestal
Nombre de la institución que otorga el título División de Ciencias Forestales,
Año de obtención del título 2024.
Información miscelánea Licenciatura
504 ## - NOTA DE BIBLIOGRAFÍA, ETC.
Nota de bibliografía, etc. Incluye referencias bibliográficas: páginas 50-59.
520 ## - SUMARIO, ETC.
Sumario, etc. El dióxido de carbono, compuesto gaseoso, disponible para las plantas, es un elemento indispensable para el proceso de la fotosíntesis. El objetivo de esta investigación fue evaluar la captura de CO2 aéreo en rodales con manejo y sin manejo forestal en un bosque templado de la comunidad de Coatepec, Ixtapaluca, Estado de México. Se establecieron 6 sitios de muestreo por rodal de manejo, con un área de 19.2 ha, con tratamiento Bosque Sin Manejo Forestal (SMF) y Método Mexicano de Ordenación de Bosques Irregulares (MMOBI). Se estimó la diferencia de medias de Tukey con un α= 0.05 y un análisis de componentes principales para la determinar las variables que se correlacionan con el promedio de CO2 aéreo capturado. Obteniéndose los siguientes resultados, en el tratamiento SMF 3.64 Tn/ha promedio, en el MMOBI 1.07 Tn/ha promedio. Teniendo al género Pinus L. con mayor CO2 aéreo capturado, con 65.21 Tn/ha (MMOBI) y 52.94 Tn/ha (SMF). Las variables; pendiente y pedregosidad se correlacionan en el tratamiento SMF y la exposición con el tratamiento (MMOBI). Se concluye que el tratamiento SMF tiene mayor concentración de CO2 aéreo, sin embargo, en un tratamiento MMOBI se espera tener un potencial de CO2 por sus tratamientos silvícolas. Así como las variables ambientales influyen en la captura de carbono aéreo.
650 #4 - PUNTO DE ACCESO ADICIONAL DE MATERIA--TÉRMINO DE MATERIA
Término de materia o nombre geográfico como elemento de entrada Árboles
Subdivisión general Secuestro de carbono
9 (RLIN) 190761
650 #4 - PUNTO DE ACCESO ADICIONAL DE MATERIA--TÉRMINO DE MATERIA
Término de materia o nombre geográfico como elemento de entrada Dioxido de carbono
Subdivisión general Medición
9 (RLIN) 190762
700 1# - PUNTO DE ACCESO ADICIONAL--NOMBRE DE PERSONA
Nombre de persona Franco Islas, Yolanda
Término indicativo de función/relación director de tesis.
9 (RLIN) 42965
700 1# - PUNTO DE ACCESO ADICIONAL--NOMBRE DE PERSONA
Nombre de persona Vargas Cabrera, María Guadalupe
9 (RLIN) 185890
Término indicativo de función/relación secretario.
700 0# - PUNTO DE ACCESO ADICIONAL--NOMBRE DE PERSONA
Nombre de persona Vera Castillo, José Amando Gil
Término indicativo de función/relación vocal.
9 (RLIN) 118764
700 1# - PUNTO DE ACCESO ADICIONAL--NOMBRE DE PERSONA
Nombre de persona Castañeda Díaz, Saúl
9 (RLIN) 19903
Término indicativo de función/relación suplente.
700 1# - PUNTO DE ACCESO ADICIONAL--NOMBRE DE PERSONA
Nombre de persona Granados Victorino, Ro Linx
Término indicativo de función/relación suplente.
9 (RLIN) 189617
856 ## - LOCALIZACIÓN Y ACCESO ELECTRÓNICOS
Identificador Uniforme del Recurso http://10.13.5.2/tesis/tl/1710643-3_DURAN_AYALA_MOISES.pdf
Nota pública DESCARGAR PDF
942 ## - ELEMENTOS DE PUNTO DE ACCESO ADICIONAL (KOHA)
Fuente del sistema de clasificación o colocación Clasificación Universidad Autónoma Chapingo
Tipo de ítem Koha Tesis digital
Holdings
Estado de retiro Estado de pérdida Fuente del sistema de clasificación o colocación Estado dañado Restricciones de uso No para préstamo Código de colección Localización permanente Ubicación/localización actual Ubicación en estantería Fecha de adquisición Total de préstamos Signatura topográfica completa Fecha visto por última vez Precio válido a partir de Tipo de ítem Koha
    Clasificación Universidad Autónoma de Chapingo   Préstamo interno   Tesis digitales de Licenciatura Biblioteca Digital Biblioteca Digital En línea 23/06/2025   Tesis digital 23/06/2025 23/06/2025 Tesis digital